Catálogo público

Introducción a la inmunología veterinaria / (Record no. 169626)

MARC details
000 -CABECERA
campo de control de longitud fija 01212nam a2200337Ia 4500
001 - NÚMERO DE CONTROL
campo de control Z_6369
003 - IDENTIFICADOR DEL NÚMERO DE CONTROL
campo de control CHAP
008 - DATOS DE LONGITUD FIJA--INFORMACIÓN GENERAL
campo de control de longitud fija 220113s2009 xx 000 0 und d
010 ## - NÚMERO DE CONTROL DE LA BIBLIOTECA DEL CONGRESO
Número de control de LC 169626
020 ## - NÚMERO INTERNACIONAL ESTÁNDAR DEL LIBRO
Número Internacional Estándar del Libro 978-4160-4989-0 (edición original) \ 978-84-8086-431-2 (edición española)
040 ## - FUENTE DE LA CATALOGACIÓN
Centro/agencia transcriptor CHAP
082 ## - NÚMERO DE LA CLASIFICACIÓN DECIMAL DEWEY
Número de clasificación 636.089 T59i
100 ## - ENTRADA PRINCIPAL--NOMBRE DE PERSONA
Nombre de persona Tizard, Ian R.
9 (RLIN) 138723
240 ## - TÍTULO UNIFORME
Título uniforme Veterinary Inmunology. An Introduction
245 ## - MENCIÓN DE TÍTULO
Título Introducción a la inmunología veterinaria /
Mención de responsabilidad, etc. Ian R. Tizard; revición Esperanza Gómez-Lucía Duato ...[et. al.]
250 ## - MENCIÓN DE EDICIÓN
Mención de edición 8a ed.
260 ## - PUBLICACIÓN, DISTRIBUCIÓN, ETC.
Lugar de publicación, distribución, etc. España :
Nombre del editor, distribuidor, etc. ELSERVIER,
Fecha de publicación, distribución, etc. 2009
300 ## - DESCRIPCIÓN FÍSICA
Extensión xiii, 574 p.
500 ## - NOTA GENERAL
Nota general Traducción de la obra en inglés: Veterinary Inmunology. An Introduction 8th ed. Traducción y producción editorial: Diorki Servicios Integrales de Edición
503 ## - NOTA DE HISTORIA BIBLIOGRÁFICA (BK CF MU) [OBSOLETO]
Nota de historia bibliográfica ej.1: 0109 \ ej.2: 0110 \ ej.3: 0111
504 ## - NOTA DE BIBLIOGRAFÍA, ETC.
Nota de bibliografía, etc. Incluye bibliografía
650 ## - PUNTO DE ACCESO ADICIONAL DE MATERIA--TÉRMINO DE MATERIA
Término de materia o nombre geográfico como elemento de entrada Enfermedades de los Animales
Subdivisión general
-- Inmunología.
9 (RLIN) 138724
650 ## - PUNTO DE ACCESO ADICIONAL DE MATERIA--TÉRMINO DE MATERIA
Término de materia o nombre geográfico como elemento de entrada Enfermedades Inmunológicas
Subdivisión general
-- Veterinaria
9 (RLIN) 138725
650 #0 - PUNTO DE ACCESO ADICIONAL DE MATERIA--TÉRMINO DE MATERIA
Término de materia o nombre geográfico como elemento de entrada Inmunología veterinaria
9 (RLIN) 58821
901 ## - ELEMENTOS DE DATOS A LOCAL LDA (RLIN)
a 636.089 T59I
902 ## - ELEMENTOS DE DATOS B LOCAL, LDB (RLIN)
a M
910 ## - DATOS DE OPCIÓN DEL USUARIO (OCLC)
Datos de opción del usuario 2009
942 ## - ELEMENTOS DE PUNTO DE ACCESO ADICIONAL (KOHA)
Tipo de ítem Koha Libro_
942 ## - ELEMENTOS DE PUNTO DE ACCESO ADICIONAL (KOHA)
Tipo de ítem Koha
Holdings
Estado de retiro Estado de pérdida Fuente del sistema de clasificación o colocación Estado dañado No para préstamo Código de colección Localización permanente Ubicación/localización actual Ubicación en estantería Fecha de adquisición Total de préstamos Código de barras Fecha visto por última vez Fecha del último préstamo Número de copia Precio válido a partir de Tipo de ítem Koha
    Dewey Decimal Classification     General Zootecnia Zootecnia   21/08/2013 2 z_6114 20/03/2024 20/03/2024 1 18/01/2022 Libro
    Dewey Decimal Classification     General Zootecnia Zootecnia   21/08/2013 1 z_6115 26/04/2024 26/04/2024 2 18/01/2022 Libro
    Dewey Decimal Classification     General Zootecnia Zootecnia   21/08/2013   z_6116 18/01/2022   3 18/01/2022 Libro